| 000 | 00963nam a22002657a 4500 | ||
|---|---|---|---|
| 005 | 20101228113712.0 | ||
| 008 | 101228t xxu||||| |||| 00| 0 eng d | ||
| 010 | _aENG-101884 | ||
| 020 |
_a9780071071253 _c550.00 |
||
| 020 |
_a0071071253 _c550.00 |
||
| 035 | _aEN-85418 | ||
| 037 | _bDBAD / PUB | ||
| 040 |
_adpl _bEng |
||
| 082 | _a658.404 | ||
| 100 |
_aPhillips, Joseph _925123 |
||
| 245 |
_aPMP Project Management Professional Lab manual / _cby Joseph Phillips |
||
| 260 |
_aNew Delhi _bTata Mc-Graw Hill Publishing _c2010 |
||
| 270 |
_a7, West Patel Nagar _bNew Delhi _e110 008 |
||
| 300 |
_axxix,448p. _c24 cm (pbk) |
||
| 500 | _aIncludes index | ||
| 650 |
_aProject management _925124 _vStudy guides. _xExaminations |
||
| 700 | _925126 | ||
| 942 |
_adpl _cEN _2ddc _h658.404 _mPHI |
||
| 999 |
_c49589 _d49589 |
||